Responses for Show #3710 - Friday, October 20, 2000

Contestants

[<< previous game]

Ron Moss, a middle school teacher from San Diego, California

Marjorie Goldman, an actor and homemaker from Bala Cynwyd, Pennsylvania

Chris Dawson, a legislative consultant from Sacramento, California (whose 2-day cash winnings total $23,200)

[next game >>]

Jeopardy! Round responses

LET US PREY
(Alex: Notice the spelling.)
SCREEN NAMES
EUROPEAN HISTORY
NUMBER, PLEASE
LITERARY LOCALES
(Alex: You have to name the country which is the main setting.)
BITS & PIECES
    $100 7
Giraffe

Chris
    $100 1
Gary Cooper

Marjorie
    $100 13
Rome

Chris
    $100 22
48

Ron
    $100 3
India

Chris
    $100 17
(M: I still have one of those!)

Telephones

Marjorie
    $200 8
Scorpion

Ron
    $200 2
Dorothy Malone

Triple Stumper
    $200 14
Steel

Ron
    $200 23
46

Ron
    $200 9
United States

Ron
    $200 18
Eyeglasses

Ron
    $300 25
(Alex: We have a minute to go.)

a peregrine falcon

Chris
    $500 4
(Alex: The Rock of Gibraltar)

Rock Hudson

Chris
    $300 15
Hangman

Ron
    $300 24
6

Marjorie
    $300 10
Italy

Marjorie
    $300 19
Saddle

Ron
    $400 29
Praying mantis

Ron
    $400 5
Sandra Dee

Marjorie
    $400 16
NATO

Marjorie
    $400 26
88

Chris
    $400 11
France

Ron
    $400 20
Coffee maker

Marjorie
    $500 30
(Alex: If you run into one of these, you'd better run fast!)

Wolverine

Ron
    $500 6
Stewart Granger

Chris
    $500 28
William the Orange

Marjorie
    $500 27
(M: What is 3?)
(R: What is 11?)

5

MarjorieRon
Triple Stumper
    $500 12
Australia

Chris
    $500 21
Metronome

Chris

Scores at the first commercial break (after clue 14):

Chris Marjorie Ron
$1,800 $800 $1,000

Scores at the end of the Jeopardy! Round:

Chris Marjorie Ron
$3,000 $2,000 $2,500

Double Jeopardy! Round responses

LET US PRAY
(Alex: Notice the spelling this time; we want you to identify the Biblical book.)
CLASSIC RECORD LABELS
THE SPHINX
HEY, MIKEY!
THE LARGEST IN AREA
ALMOST-RHYME TIME
    $200 26
Exodus

Chris
    $200 8
Motown

Ron
    $200 6
Lion

Marjorie
    $200 13
Michael Dukakis

Marjorie
    $200 17
Russia

Marjorie
    $200 1
Jonah

Marjorie
    $400 27
Psalms

Ron
    $400 9
(C: What is Reprise?)

Columbia

ChrisRon
    $400 7
Wings

Ron
    $400 14
Michael Caine

Chris
    $400 18
Scotland

Chris
    $400 2
Cover

Triple Stumper
    $600 28
(M: What is Genesis?)

Daniel

Marjorie
Triple Stumper
    $600 10
Sam Phillips

Ron
    $600 23
(C: What is Cheops?)
(less than a minute to go...)

Giza

Chris
Triple Stumper
    $600 22
Michael Palin

Chris
    $600 19
Jordan

Chris
    $600 3
"Where Have All the Flowers Gone?"

Marjorie
    $800 29
(buzzer sounds)

Matthew

Ron
    $1,200 11
(R: I have no idea.)

A&M Records (co-founded by Herb Alpert)

Ron
    $800 24
Khufu (Cheops)

Triple Stumper
    $800 16
Michael Spinks

Chris
    $800 20
Sudan

Ron
    $1,200 4
(Alex: You know what you just did...you cut off our head writer, Gary Johnson, who doesn't get many chances to be on the air!)
(M: I'm sorry!)
(Alex: Gary, shall we take away her $1,200?)
(Gary: Nah, give it to her!)

Emily Dickinson

Marjorie
    $1000 12
Atlantic

Marjorie
    $1000 25
Oedipus

Marjorie
    $1000 15
Michael Ondaatje

Marjorie
    $1000 21
Nicaragua

Marjorie
    $1000 5
Death

Marjorie

Scores at the end of the Double Jeopardy! Round:

Chris Marjorie Ron
$5,000 $9,000 $4,900

[wagering suggestions for these scores]

Final Jeopardy! Round responses

COLLEGES & UNIVERSITIES
(Alex: Named for the Northwest Territory.)
RonWhat is Notre Dame?
$4,899
ChrisWhat is Notre Dame?
$5,000
MarjorieWhat is Northwestern University?
$1,100
Northwestern

Final scores:

Chris Marjorie Ron
$0 $10,100 $1
3rd place: Wingspan Bank.com Debit Card loaded with Cash New champion: $10,100 2nd place: Trip to Mexico City & Cabo San Lucas

Game dynamics:

Coryat scores:

Chris Marjorie Ron
$4,800 $8,600 $6,100
15 R
(including 1 DD),
2 W
19 R
(including 1 DD),
2 W
18 R,
2 W
(including 1 DD)

Combined Coryat: $19,500

[game clues] [game scores] [suggest correction]

Game tape date: 2000-08-31
The J! Archive is created by fans, for fans. Scraping, republication, monetization, and malicious use prohibited; this site may use cookies and collect identifying information. See terms. The Jeopardy! game show and all elements thereof, including but not limited to copyright and trademark thereto, are the property of Jeopardy Productions, Inc. and are protected under law. This website is not affiliated with, sponsored by, or operated by Jeopardy Productions, Inc. Join the discussion at JBoard.tv.